| 000 | 00925nam a22002777a 4500 | ||
|---|---|---|---|
| 001 | BR8104088 | ||
| 003 | BR-BrBNA | ||
| 005 | 20230928091008.0 | ||
| 007 | ta | ||
| 008 | 230509b bl.||||| |||| 00| 0 por d | ||
| 040 |
_aBR-BrBNA _bpor _cBiblioteca Nacional de Agricultura |
||
| 041 | _a(Por) | ||
| 072 |
_aE10; F00; L00 _b/G514 |
||
| 090 | _ E10 BR8104088 | ||
| 110 | 1 |
_aSuperintendencia do Desenvolvimento da Regiao Centro-Oeste, Brasilia, DF (Brasil) _910092 |
|
| 245 | 1 |
_aCentro-oeste brasileiro. Aspectos economicos [Produto interno bruto; Estrutura fundiaria; Analise economica; Producao vegetal; Producao animal] _bv. 3 |
|
| 260 | 3 |
_aBrasilia, DF (Brasil): _c1981. |
|
| 300 | _a21 p. | ||
| 500 | _a14 tables | ||
| 650 | _aPRODUTO INTERNO BRUTO | ||
| 650 | _aESTRUTURA AGRARIA | ||
| 650 | _aESTATISTICA DE PRODUCAO | ||
| 650 | _aREGIAO CENTRO-OESTE | ||
| 909 |
_a202309 _bLucia _c55 _dLucia Elande |
||
| 942 | _cBK | ||
| 999 |
_c31654 _d31654 |
||